Economic Development of Slovakia in 2013 and Outlook up to 2015

Na minha lista:
Detalhes bibliográficos
Autor principal: Morvay, Karol, 1973-
Outros Autores: Hudcovský, Martin, 1988-
Formato: Livro
Idioma:inglês
Publicado em: Bratislava Institute of Economic Research SAS 2014
Assuntos:
Tags: Adicionar Tag
Sem tags, seja o primeiro a adicionar uma tag!

MARC

LEADER 00000nlm a2200000 4500
001 0207155
005 20240214094455.1
020 |a 978-80-7144-227-1 
041 0 |a eng 
044 |a SK 
245 1 0 |a Economic Development of Slovakia in 2013 and Outlook up to 2015  |c Karol Morvay et al. ; translation: Martin Hudcovský 
264 1 |a Bratislava  |b Institute of Economic Research SAS  |c 2014 
300 |a online [128 s.] 
610 2 0 |a vývoj hospodársky 
610 2 0 |a analýza ekonomická 
610 2 0 |a prognózy 
610 2 0 |a trh práce 
610 2 0 |a ceny 
610 2 0 |a politika hospodárska 
610 2 0 |a meranie 
610 2 0 |a banky centrálne 
610 2 0 |a eurozóna 
610 2 0 |a financie verejné 
610 2 0 |a legislatíva 
610 2 0 |a Slovensko 
100 1 |a Morvay, Karol, 1973- 
700 1 |a Hudcovský, Martin, 1988-